000 00369nam a2200145 4500
001 4434
005 20181127173402.0
020 0 0 _a9780141339771
090 0 0 _aFIC A374k
100 0 0 _aAlexander, Marcus.
245 0 0 _aKeeper of the realms :
_bCrow's Revenge /
_c Marcus Alexander.
_h
260 0 0 _aLondon :
_bPuffin,
_c2012.
300 0 0 _a426 p. ; 18 cm.
650 0 0 _aFiction.
_x
999 _c3668
_d3668